Mạng máy tính Lưu hành nội bộ

שמור ב:
מידע ביבליוגרפי
מחבר ראשי: Trần, Văn Thành
מחברים אחרים: Mang, Thành Trung
פורמט: ספר
שפה:Undetermined
יצא לאור: Tp.HCM Trung tâm tin học Trường đại học Khoa học Tự nhiên Tp.HCM [K.x.đ.]
נושאים:
גישה מקוונת:http://lrc.tdmu.edu.vn/opac/search/detail.asp?aID=2&ID=3368
תגים: הוספת תג
אין תגיות, היה/י הראשונ/ה לתייג את הרשומה!
Thư viện lưu trữ: Trung tâm Học liệu Trường Đại học Thủ Dầu Một
LEADER 00732nam a2200217Ia 4500
001 TDMU_3368
008 210410s9999 xx 000 0 und d
082 |a 004.67 
090 |b T685 
100 |a Trần, Văn Thành 
245 0 |a Mạng máy tính 
245 0 |b Lưu hành nội bộ 
245 0 |c Trần Văn Thành, Mang Thành Trung 
260 |a Tp.HCM 
260 |b Trung tâm tin học Trường đại học Khoa học Tự nhiên Tp.HCM 
260 |c [K.x.đ.] 
300 |a 150tr. 
650 |a Mạng máy tính 
700 |a Mang, Thành Trung 
856 |u http://lrc.tdmu.edu.vn/opac/search/detail.asp?aID=2&ID=3368 
980 |a Trung tâm Học liệu Trường Đại học Thủ Dầu Một